00000000nam 2200000zi 4500
0019.940889
003CaOODSP
00520250403110815
006m     o  d f      
007cr mn|||||||||
008240723t20092009onca    obs  f000 0 fre d
040 |aCaOODSP|bfre|erda|cCaOODSP
043 |an-cn---
045 |ay0y0
0861 |aCS85-002/29-4F-PDF
1001 |aRobinson, Paul, |eauteur.
24510|aProfil des bénéficiaires de pension alimentaire pour enfants / |cpar Paul Robinson.
24617|aArticle de Juristat - profil des bénéficiaires de pension alimentaire pour enfants
264 1|aOttawa : |bStatistique Canada = Statistics Canada, |c2009.
264 4|c©2009
300 |a1 ressource en ligne (20 pages) : |billustrations en couleur.
336 |atexte|btxt|2rdacontent/fre
337 |ainformatique|bc|2rdamedia/fre
338 |aressource en ligne|bcr|2rdacarrier/fre
4901 |aJuristat, |x1205-8882 ; |vvol. 29, n° 1
500 |aPublié aussi en anglais sous le titre : Profile of child support beneficiaries.
500 |a« Composante du produit n° 85-002-X au catalogue de Statistique Canada, Juristat. »
500 |a« Mars 2009. »
504 |aComprend des références bibliographiques (page 20).
520 |a« Le présent article porte sur le nombre d'enfants et de familles visés par les services des cinq PEOA — Île-du-Prince-Édouard, Nouvelle-Écosse, Alberta, Yukon et Territoires du Nord-Ouest — qui participent actuellement à l'Enquête sur les programmes d'exécution des ordonnances alimentaires (EPEOA). Il est également question des montants de la pension alimentaire payables aux familles bénéficiaires d'une pension alimentaire pour enfants, de la proportion de ces familles qui reçoivent du soutien et des mesures d'exécution prises par les PEOA lorsque les payeurs n'effectuent pas leurs paiements de pension alimentaire pour enfants. La dernière section traite de la question de l'exécution réciproque pour les cas interprovinciaux et internationaux qui mettent en cause deux PEOA ou organismes de pension alimentaire pour enfants » -- Page 7.
650 6|aPension alimentaire pour enfants|zCanada|vStatistiques.
650 6|aBénéficiaires|zCanada|vStatistiques.
655 7|aStatistiques|2rvmgf
7102 |aStatistique Canada, |eorganisme de publication.
77508|tProfile of child support beneficiaries / |w(CaOODSP)9.940887
830#0|aJuristat ;|vvol. 29, n° 1.|w(CaOODSP)9.936877
85640|qPDF|s315 Ko|uhttps://publications.gc.ca/collections/collection_2024/statcan/85-002-x/CS85-002-29-4-fra.pdf
8564 |qHTML|sS.O.|uhttps://www150.statcan.gc.ca/n1/pub/85-002-x/2009001/article/10784-fra.htm
986 |a85-002-X